| 000 | 01544nam0a2200349 4500 | ||
|---|---|---|---|
| 001 | RU\NLR\bibl\1499736 | ||
| 005 | 20260407135502.0 | ||
| 010 |
_a978-5-7057-2148-1 _93000 |
||
| 021 |
_aRU _b2010-14157 _9941 |
||
| 035 | _a(NLR Aleph) 001491200 | ||
| 090 |
_a1764354 _c1764354 |
||
| 100 | _a20100415d2011 |||y0rusy50 ca | ||
| 101 | 0 | _arus | |
| 102 | _aRU | ||
| 105 | _ay z ||||| | ||
| 200 | 1 |
_aНетрадиционные формы занятий с дошкольниками _fИзд-во "Учитель" _gавт.-сост.: Н.В. Тимофеева, к.п.н. |
|
| 210 |
_aВолгоград _cУчитель _d2011 [т. е. 2010] |
||
| 215 |
_a127 с. _d20 |
||
| 225 | 1 | _aМетодическая работа в ДОУ | |
| 300 | _aКн. фактически изд. в 2010 г. | ||
| 320 | _aБиблиогр.: с. 125 (14 назв.) | ||
| 606 | 1 |
_aДошкольные учреждения _jРуководства, пособия и т.п. _xВоспитательно-образовательная работа _92373354 _3RU\NLR\auth\661416507 |
|
| 686 | _aЧ411.38я7 | ||
| 702 | 1 |
_4220 _7ca _8rus _aТимофеева _bН. В. _cканд. пед. наук _gНаталья Вилеаниновна _979586 _3RU\NLR\auth\7796660 |
|
| 712 | 0 | 2 |
_4570 _a"Учитель", издательство _cВолгоград _9505853 _3RU\NLR\AUTH\8810004275 |
| 801 | 0 |
_aRU _bNLR _c20100415 _gRCR |
|
| 801 | 1 |
_aRU _bNLR _c20100415 |
|
| 830 | _aсост. по кн. | ||
| 942 | _cBOOK | ||
| 980 | _aNB | ||